00647nam a2200157 a 450000100100000000500170001000800410002704000250006824500700009326000360016330000190019949000710021883000780028995201050036799900170047200004299220201002040545.0140217s1996 dr 000 0 spa d aDO-SdBNPbspacBNPHU00aLey organica de las fuerzas armadas de la República Dominicana. aSanto Domingo :bNomara,c1996. a49 p ;c22 cm.1 aPublicaciones de la Jefatura de Estado Mayor, Ejercito Nacionalv1 0aPublicaciones de la Jefatura de Estado Mayor, Ejercito Nacionalv1970504 0010718PDaGRbGRcCTd2014-02-17iLF1l0o p42992-10r2020-06-25w2020-06-25yLFPDZNo se presta c42481d42481